| 000 | 00597nam a2200181Ia 4500 | ||
|---|---|---|---|
| 003 | IN-BaIIA | ||
| 008 | 211028s9999 xx 000 0 eng d | ||
| 040 | _cIIA Library | ||
| 080 |
_a524(082.2) _bMIR |
||
| 100 |
_aMirzoyan,L. V. _916913 |
||
| 245 | 0 |
_aFrench-Armenian Astronomical Colloquium; Byurakan Astrophysical Observatories. _cL. V. Mirzoyan |
|
| 260 |
_aRepublic of Armenia _bNational Academy of Sciences _c1995 |
||
| 300 | _a[various pagings.] | ||
| 650 |
_aAstrophysics _9794 |
||
| 650 |
_aGalaxies _91286 |
||
| 650 | _aStars | ||
| 942 | _cBK | ||
| 999 |
_c12054 _d12054 |
||